| 000 | 00691nam a2200181Ia 4500 | ||
|---|---|---|---|
| 001 | 22927 | ||
| 003 | GE_BSU | ||
| 008 | 181216s||||||||xx |||||||||||||| ||und|| | ||
| 040 | _cGE_BSU | ||
| 245 | _aსაქართველოს საინჟინრო სიახლენი. № 4 (vol.80). 2016 | ||
| 245 | _cრედაქტორი: ვლადიმირ დოლიძე | ||
| 260 | _aთბილისი | ||
| 260 | _c2016 | ||
| 300 | _a155 გვ. ; 30სმ.. | ||
| 653 | _aGeorgian engineering news ჟურნალი: | ||
| 653 | _aსაქართველოს საინჟინრო სიახლენი. № 4 (vol.80). 2016 | ||
| 942 | _cCR | ||
| 999 |
_c55830 _d55830 |
||